Les deuxièmes lignes - rugbymen par images. - Statistiques

Statistiques générales
  • Ce quiz a été pris 67 fois
  • Le résultat moyen est 12 sur 20
Statistiques - réponses
Par images Hint Réponse % Correct
Thibaud Flament
98%
Maro Itoje
97%
Eben Etzebeth
95%
Emmanuel Meafou
91%
Richie Arnold
91%
Romain Taofifénua
91%
Will Skelton
90%
Brodie Retallick
78%
Scott Barrett
76%
Sam Whitelock
74%
Richie Gray
66%
Tomás Lavanini
59%
James Ryan
41%
Tadhg Beirne
41%
Joe McCarthy
38%
Franco Mostert
34%
Federico Ruzza
22%
Grant Gilchrist
22%
Ollie Chessum
21%
Dafydd Jenkins
17%
Aucun quiz correspondant
Distribution des résultats
% des personnes avec chaque résultat
Percentile par nombre de réponses
Votre historique - résultats
Vous n’avez pas pris ce quiz